Normal view MARC view
  • Reforma educativa

Entry Materia

Number of records used in: 2

001 - NÚMERO DE CONTROL DEL REGISTRO

  • campo de control: 517

003 - IDENTIFICADOR DE NUMERO DE CONTROL

  • campo de control: MX-MxUPN

005 - FECHA Y HORA DE LA ÚLTIMA TRANSACCIÓN

  • campo de control: 20260324122235.0

008 - DATOS DE LONGITUD FIJA

  • campo de control de longitud fija: 260324d||fcn||baba a a|a d

035 ## - NÚMERO DE CONTROL DEL SISTEMA

  • Número de control del sistema: UPN10000000517

040 ## - FUENTE DE LA CATALOGACIÓN

  • Centro catalogador de origen: MX-MxUPN
  • Lengua de catalogación: spa
  • Agencia de transcripción: MX-MxUPN

150 ## - ENCABEZAMIENTO - TEMÁTICO

  • Término de materia o nombre geográfico como elemento inicial: Reforma educativa
  • Subdivisión geográfica: Estados Unidos
  • Subdivisión de materia general: Historia

450 ## - VÉASE - MATERIA

  • Subcampo de control: nno
  • Encabezamiento temático: Cambio educativo
  • Subdivisión geográfica: Estados Unidos
  • Término temático a continuación de un nombre geográfico: Historia

670 ## - FUENTE EN LA QUE SE LOCALIZARON DATOS

  • Cita de la fuente: LC
  • Información localizada: (Educational change -- United States -- History)

670 ## - FUENTE EN LA QUE SE LOCALIZARON DATOS

  • Cita de la fuente: Autoridades BGTQ, 24 marzo 2026:
  • Información localizada: (Reforma educativa -- Estados Unidos -- Historia)

902 ## - CATALOGADOR

  • Catalogador: MCM/170505
  • Catalogador: JohanaAllegre /240326